Champollion et le 150e anniversaire du dechiffrement des hieroglyphes : [exposition] : Musee du Caire, 2 novembre, 1972.

محفوظ في:

مؤلفون مشاركون: Mathaf al-Misri., Egypt. Maṣlaḥat al-Āthār.

التنسيق: كتاب

اللغة: French

الموضوعات:

الوسوم: إضافة وسم

لا توجد وسوم, كن أول من يضع وسما على هذه التسجيلة!

رقم الطلب: PJ1064 .C6 C48 1972

LEADER 01433namaa2200313 4500
001 11003
003 OSt
005 20210823111049.0
008 130303s1972 ua af g b 000 0 fre d
952 |0 0  |1 0  |2 lcc  |4 0  |6 PJ1064 C6 C48 01972  |7 1  |9 17996  |a ARCE  |b ARCE  |d 2021-08-23  |l 0  |o PJ1064 .C6 C48 1972  |p 1029554  |r 2021-08-23 00:00:00  |w 2021-08-23  |y BK 
999 |c 14894  |d 14894 
040 |c ARCE Library 
043 |a f-ua--- 
050 0 4 |a PJ1064 .C6 C48 1972 
245 0 0 |a Champollion et le 150e anniversaire du dechiffrement des hieroglyphes :  |b [exposition] : Musee du Caire, 2 novembre, 1972. 
264 1 |a Cairo :  |b Presses de l'Institut francais d'archeologie orientale du Caire,  |c [1972] 
300 |a 25 pages, [2] leaves of plates :  |b illustrations, facsimiles ;  |c 24 cm. 
500 |a At head of title : Organisation générale des antiquités égyptiennes. 
500 |a "Cette exposition a été réalisée avec le concours de l'Association française des éxchanges artistiques." 
504 |a Includes bibliographical references. 
600 1 0 |a Champollion, Jean-François,  |d 1790-1832  |v Exhibitions. 
600 1 0 |a Champollion, Jean-François,  |d 1790-1832  |x Manuscripts. 
630 0 0 |a Rosetta stone  |v Exhibitions. 
650 0 |a Egyptian language  |x Writing, Hieroglyphic  |v Exhibitions. 
650 0 |a Egyptology  |v Exhibitions. 
710 2 |a Mathaf al-Misri. 
710 1 |a Egypt.  |b Maṣlaḥat al-Āthār. 
901 |a reviewed 
942 |c BK  |2 lcc